[Event "DEM U16w 2005"]
[Site "Willingen GER"]
[Date "2005.05.17"]
[Round "5"]
[White "Albano Jeremias, Bianca"]
[Black "Erben, Larissa"]
[Result "1-0"]
[Termination "normal"]
[Board "10"]
[WhiteElo "1854"]
[BlackElo "1758"]
[PlyCount "63"]
[WhiteFideId "24634247"]
[BlackFideId "24634590"]
[EventCountry "GER"]
[EventRounds "9"]
[EventType "swiss"]
[EventDate "2005.05.15"]

1. e4 c5 2. Nf3 e6 3. d4 cxd4 4. Nxd4 Nc6 5. Nc3 Qc7 6. Be3 Nf6 7. Bd3 a6 8.
O-O Be7 9. Kh1 O-O 10. f4 d6 11. Nb3 b5 12. a3 Bb7 13. Qf3 b4 14. axb4 Nxb4 15.
Qg3 Rab8 16. Nd4 Nxd3 17. cxd3 d5 18. e5 Nd7 19. Nf3 Nc5 20. f5 Kh8 21. Bf4 Rg8
22. f6 gxf6 23. exf6 Qd7 24. Qh4 Bd6 25. Ng5 Rxg5 26. Bxg5 Rg8 27. Rf3 d4 28.
Rh3 Bxg2+ 29. Kxg2 Qb7+ 30. Kg1 Rxg5+ 31. Qxg5 Bf8 32. Rg3 1-0

[Event "DEM U16w 2005"]
[Site "Willingen GER"]
[Date "2005.05.17"]
[Round "5"]
[White "Hofmann, Christine"]
[Black "Winter, Hannah"]
[Result "1-0"]
[Termination "normal"]
[Board "11"]
[WhiteElo "1620"]
[BlackElo "1386"]
[PlyCount "89"]
[EventCountry "GER"]
[EventRounds "9"]
[EventType "swiss"]
[EventDate "2005.05.15"]

1. d4 d5 2. c4 e6 3. Nc3 Nf6 4. Nf3 c5 5. Bg5 Nc6 6. cxd5 exd5 7. dxc5 Bxc5 8.
Bxf6 Qxf6 9. Qxd5 Qe7 10. e3 Nb4 11. Qd1 Bf5 12. Bb5+ Bd7 13. Bxd7+ Qxd7 14.
Qxd7+ Kxd7 15. O-O Ke7 16. Rfd1 Rhd8 17. Ne1 Rac8 18. a3 Nc6 19. Rac1 Bd6 20.
Nf3 h6 21. Nd4 Nxd4 22. Rxd4 f6 23. g3 Kf7 24. Rcd1 Bc7 25. Rd7+ Kg6 26. Nb5
Rxd7 27. Rxd7 Be5 28. Rxb7 Rc1+ 29. Kg2 Bxb2 30. Rxa7 Rc8 31. a4 Rb8 32. Nc7
Ba3 33. Ne6 Rg8 34. a5 f5 35. a6 Kf6 36. Nc7 Rc8 37. Rb7 Bd6 38. a7 Bxc7 39.
Rxc7 Ra8 40. Rc6+ Kf7 41. Ra6 h5 42. h4 g6 43. Kf3 Kg7 44. Kf4 Kf7 45. Kg5 1-0

[Event "DEM U16w 2005"]
[Site "Willingen GER"]
[Date "2005.05.17"]
[Round "5"]
[White "Popovic, Nathalie"]
[Black "Czygan, Dana"]
[Result "0-1"]
[Termination "normal"]
[Board "12"]
[WhiteElo "1591"]
[BlackElo "1603"]
[PlyCount "74"]
[WhiteFideId "24630292"]
[EventCountry "GER"]
[EventRounds "9"]
[EventType "swiss"]
[EventDate "2005.05.15"]

1. d4 Nf6 2. c4 g6 3. Nc3 Bg7 4. e4 d6 5. Nf3 c5 6. d5 Na6 7. Be2 Nc7 8. O-O
O-O 9. Be3 Nd7 10. Qd2 a6 11. Bh6 Rb8 12. Bxg7 Kxg7 13. a4 Nf6 14. Rab1 a5 15.
Bd3 Na6 16. Na2 Qb6 17. b3 Bg4 18. Nh4 Rbd8 19. f4 Nb4 20. e5 dxe5 21. fxe5
Nfxd5 22. Be4 Nc7 23. Qf2 Nxa2 24. Qxa2 Be6 25. Qf2 Rd4 26. Bc2 Rfd8 27. Nf3
R4d7 28. Ng5 Rd2 29. Nxe6+ Qxe6 30. Qxc5 Na6 31. Qxa5 R8d4 32. Rbc1 Qg4 33. Rf2
Rxf2 34. Kxf2 Qf4+ 35. Ke2 Qxc1 36. Qc3 Re4+ 37. Kf3 Qf4# 0-1

[Event "DEM U16w 2005"]
[Site "Willingen GER"]
[Date "2005.05.17"]
[Round "5"]
[White "Benzen, Marthe"]
[Black "Ley, Janine"]
[Result "1-0"]
[Termination "normal"]
[Board "13"]
[WhiteElo "1547"]
[BlackElo "1466"]
[PlyCount "129"]
[WhiteFideId "24647764"]
[BlackFideId "24671274"]
[EventCountry "GER"]
[EventRounds "9"]
[EventType "swiss"]
[EventDate "2005.05.15"]

1. e4 d6 2. d4 Nf6 3. Nc3 g6 4. Be3 Bg7 5. f3 O-O 6. Qd2 e5 7. d5 Ne8 8. g4
Qh4+ 9. Bf2 Qe7 10. Nge2 Bd7 11. Be3 c6 12. Ng3 Nc7 13. dxc6 Bxc6 14. O-O-O Rd8
15. Bc4 b5 16. Nd5 Nxd5 17. Bxd5 a6 18. h4 Kf8 19. h5 Bxd5 20. Qxd5 Nd7 21.
Qxd6 Qxd6 22. Rxd6 Ke7 23. Rhd1 Nf8 24. Rxd8 Rxd8 25. Rxd8 Kxd8 26. hxg6 hxg6
27. Kd2 Ne6 28. Ne2 Kd7 29. b3 Bf8 30. Nc1 Kc6 31. Nd3 f6 32. g5 Be7 33. gxf6
Bxf6 34. Nb4+ Kb7 35. Nd5 Bd8 36. Kd3 g5 37. Bd2 Nd4 38. f4 gxf4 39. Nxf4 Nxb3
40. axb3 exf4 41. Bxf4 Be7 42. c4 Kc6 43. cxb5+ Kxb5 44. Bd2 a5 45. e5 a4 46.
bxa4+ Kxa4 47. Kc4 Bd8 48. Kd5 Kb5 49. e6 Be7 50. Bf4 Kb6 51. Bd6 Bd8 52. Bf8
Kc7 53. Bb4 Bg5 54. Ba5+ Kc8 55. Ke5 Be7 56. Kf5 Bf8 57. Kf6 Bd6 58. Kf7 Bc5
59. Bc3 Bd6 60. Bf6 Bc5 61. Be7 Bf2 62. Bd6 Bh4 63. Be5 Kd8 64. Bf6+ Bxf6 65.
Kxf6 1-0

[Event "DEM U16w 2005"]
[Site "Willingen GER"]
[Date "2005.05.18"]
[Round "6"]
[White "Ohme, Melanie"]
[Black "Fuchs, Judith"]
[Result "1-0"]
[Termination "normal"]
[Board "1"]
[WhiteElo "2041"]
[BlackElo "1952"]
[PlyCount "57"]
[WhiteFideId "4690745"]
[BlackFideId "24605611"]
[EventCountry "GER"]
[EventRounds "9"]
[EventType "swiss"]
[EventDate "2005.05.15"]

1. e4 c6 2. Nc3 d5 3. Nf3 dxe4 4. Nxe4 Nf6 5. Qe2 Nxe4 6. Qxe4 Nd7 7. Bc4 Nf6
8. Qe2 Bf5 9. O-O e6 10. d4 Bd6 11. Bg5 O-O 12. c3 Be7 13. Ne5 Qc7 14. f4 h6
15. Bxf6 gxf6 16. Ng4 Kh7 17. Bd3 Bg6 18. f5 exf5 19. Bxf5 Kg7 20. Rf3 Rae8 21.
Qd2 Rh8 22. Raf1 Qd6 23. Rg3 h5 24. Ne3 Kh7 25. Qc2 Reg8 26. Qb3 Rg7 27. Qxb7
Rb8 28. Qxa7 Rxb2 29. Nc4 1-0

[Event "DEM U16w 2005"]
[Site "Willingen GER"]
[Date "2005.05.18"]
[Round "6"]
[White "Tovmasian, Nelli"]
[Black "Nuber, Helene"]
[Result "1/2-1/2"]
[Termination "normal"]
[Board "2"]
[WhiteElo "1832"]
[BlackElo "2045"]
[PlyCount "82"]
[WhiteFideId "24611735"]
[BlackFideId "24613045"]
[EventCountry "GER"]
[EventRounds "9"]
[EventType "swiss"]
[EventDate "2005.05.15"]

1. Nf3 e6 2. g3 d5 3. c4 Nf6 4. Bg2 Be7 5. O-O O-O 6. cxd5 exd5 7. d4 c6 8. Nc3
Nbd7 9. a3 Ne4 10. Nxe4 dxe4 11. Ne5 Nf6 12. Bg5 Bf5 13. e3 h6 14. Bxf6 Bxf6
15. Ng4 Bg5 16. Ne5 Qe7 17. Qc2 Rfe8 18. h4 Bf6 19. Bxe4 Bxe4 20. Qxe4 Bxe5 21.
Qxe5 Qxe5 22. dxe5 Rxe5 23. Rfd1 Kf8 24. Rd2 Ke8 25. Rad1 Rc8 26. Kf1 c5 27.
Ke2 c4 28. Rc2 b5 29. b3 Rec5 30. Rdc1 Ke7 31. Kd2 Kd6 32. b4 Rd5+ 33. Ke2 Kc6
34. e4 Rd4 35. f3 Rcd8 36. Ra1 Rd3 37. a4 c3 38. axb5+ Kxb5 39. Rxa7 Kxb4 40.
Rb7+ Ka3 41. Rc1 Ka2 1/2-1/2

[Event "DEM U16w 2005"]
[Site "Willingen GER"]
[Date "2005.05.18"]
[Round "6"]
[White "Zemella, Jennifer"]
[Black "Mader, Manuela"]
[Result "0-1"]
[Termination "normal"]
[Board "3"]
[WhiteElo "1757"]
[BlackElo "2002"]
[PlyCount "72"]
[WhiteFideId "24636096"]
[BlackFideId "24612928"]
[EventCountry "GER"]
[EventRounds "9"]
[EventType "swiss"]
[EventDate "2005.05.15"]

1. e4 c6 2. Nc3 d5 3. Nf3 Bg4 4. exd5 cxd5 5. h3 Bh5 6. Bb5+ Nc6 7. g4 Bg6 8.
Ne5 Qd6 9. d4 f6 10. Nxg6 hxg6 11. Qd3 O-O-O 12. Bxc6 Qxc6 13. Qxg6 e5 14. Qf5+
Kb8 15. Qd3 Bb4 16. Bd2 Nh6 17. O-O-O e4 18. Qg3+ Bd6 19. Bf4 Nf7 20. Bxd6+
Nxd6 21. Rhe1 Rc8 22. Kb1 Ka8 23. Rc1 Nc4 24. Red1 e3 25. fxe3 Nxb2 26. e4 Nxd1
27. Nxd1 Qb6+ 28. Nb2 dxe4 29. Qe3 Rhe8 30. c4 Qd6 31. Rc3 Qh2 32. Qe1 Rcd8 33.
d5 Qf4 34. Na4 e3 35. Nc5 e2 36. Ne6 Rxe6 0-1

[Event "DEM U16w 2005"]
[Site "Willingen GER"]
[Date "2005.05.18"]
[Round "6"]
[White "Zikeli, Saskia"]
[Black "Vollak, Marleen"]
[Result "1/2-1/2"]
[Termination "normal"]
[Board "4"]
[WhiteElo "1935"]
[BlackElo "1701"]
[PlyCount "44"]
[WhiteFideId "24601543"]
[BlackFideId "24624233"]
[EventCountry "GER"]
[EventRounds "9"]
[EventType "swiss"]
[EventDate "2005.05.15"]

1. e4 c5 2. Nf3 e6 3. d4 cxd4 4. Nxd4 Nf6 5. Nc3 d6 6. f4 a6 7. Qf3 Qc7 8. Be3
Be7 9. O-O-O Nc6 10. g4 Nxd4 11. Bxd4 e5 12. g5 exd4 13. gxf6 dxc3 14. fxe7
cxb2+ 15. Kb1 Qxe7 16. Bg2 O-O 17. Qa3 Bg4 18. Rd2 Rad8 19. h3 Bh5 20. Rd5 Be2
21. Qxb2 f6 22. Qb4 Rd7 1/2-1/2

[Event "DEM U16w 2005"]
[Site "Willingen GER"]
[Date "2005.05.18"]
[Round "6"]
[White "Mucha, Annegret"]
[Black "Muratow, Katerina"]
[Result "1-0"]
[Termination "normal"]
[Board "6"]
[WhiteTitle "CM"]
[WhiteElo "1884"]
[BlackElo "1464"]
[PlyCount "59"]
[WhiteFideId "24622788"]
[EventCountry "GER"]
[EventRounds "9"]
[EventType "swiss"]
[EventDate "2005.05.15"]

1. e4 d5 2. Nc3 Nf6 3. exd5 Nxd5 4. Bc4 e6 5. Qf3 Nxc3 6. dxc3 Nc6 7. Ne2 Bd6
8. Bb3 O-O 9. Be3 Qh4 10. g3 Ne5 11. Qg2 Qg4 12. f4 Ng6 13. h3 Qh5 14. O-O-O
Bd7 15. Rh2 Bc6 16. Qf2 a6 17. Nd4 Ne7 18. Nxc6 Nxc6 19. g4 Qg6 20. f5 exf5 21.
gxf5 Qh5 22. Rg2 Rad8 23. Rdg1 Be5 24. f6 g6 25. Rg5 Qxh3 26. R5g4 Rd6 27. Rh4
Qd7 28. Rxh7 Kxh7 29. Qh4+ Kg8 30. Rxg6# 1-0

[Event "DEM U16w 2005"]
[Site "Willingen GER"]
[Date "2005.05.18"]
[Round "6"]
[White "Gasch, Franziska"]
[Black "Albano Jeremias, Bianca"]
[Result "0-1"]
[Termination "normal"]
[Board "7"]
[WhiteElo "1651"]
[BlackElo "1854"]
[PlyCount "58"]
[WhiteFideId "24632139"]
[BlackFideId "24634247"]
[EventCountry "GER"]
[EventRounds "9"]
[EventType "swiss"]
[EventDate "2005.05.15"]

1. e4 e6 2. d4 d5 3. Nd2 Nf6 4. e5 Nfd7 5. Bd3 c5 6. c3 Nc6 7. Ngf3 Be7 8. O-O
g5 9. b3 Qc7 10. Bb2 b6 11. Rc1 g4 12. Ne1 h5 13. f4 Bb7 14. f5 O-O-O 15. f6
Bf8 16. Qe2 Bh6 17. Nc2 Kb8 18. Na3 a6 19. Nab1 Ka7 20. Qf2 Rdg8 21. Qe2 h4 22.
Qe1 b5 23. Qe2 Qb6 24. Na3 cxd4 25. Kh1 dxc3 26. Bxc3 b4 27. Nab1 bxc3 28. Nxc3
Ndxe5 29. Na4 Qe3 0-1

[Event "DEM U16w 2005"]
[Site "Willingen GER"]
[Date "2005.05.18"]
[Round "6"]
[White "Hofmann, Christine"]
[Black "Opaska, Ines"]
[Result "1/2-1/2"]
[Termination "normal"]
[Board "8"]
[WhiteElo "1620"]
[BlackElo "1575"]
[PlyCount "96"]
[EventCountry "GER"]
[EventRounds "9"]
[EventType "swiss"]
[EventDate "2005.05.15"]

1. d4 f5 2. c4 Nf6 3. g3 g6 4. Bg2 Bg7 5. Nc3 O-O 6. Nf3 d6 7. O-O Qe8 8. d5 a5
9. Ne1 Na6 10. Nd3 Rb8 11. Rb1 e5 12. dxe6 Bxe6 13. b3 Nd7 14. Qc2 Ne5 15. a3
Kh8 16. Nd5 Nxd3 17. exd3 Bxd5 18. Bxd5 c6 19. Bg2 Qe7 20. Bd2 Qc7 21. b4 axb4
22. axb4 Ra8 23. Rfe1 Rfe8 24. Re3 Bd4 25. Bc3 Qg7 26. Bxd4 Qxd4 27. Qe2 Re5
28. Rxe5 Qxe5 29. Qxe5+ dxe5 30. b5 Nc5 31. Bf1 Rd8 32. bxc6 bxc6 33. Rb6 Rd6
34. Bg2 e4 35. dxe4 Rd1+ 36. Bf1 Nxe4 37. Kg2 c5 38. Rb2 Rc1 39. Bd3 Rc3 40.
Bf1 Nd6 41. Rb6 Nxc4 42. Rc6 Nd2 43. Be2 Rc1 44. Rc7 c4 45. Bf3 c3 46. Bc6 Nc4
47. Ba4 Na3 48. Kf3 c2 1/2-1/2

[Event "DEM U16w 2005"]
[Site "Willingen GER"]
[Date "2005.05.18"]
[Round "6"]
[White "Dittrich, Jacqueline"]
[Black "Czygan, Dana"]
[Result "1/2-1/2"]
[Termination "normal"]
[Board "10"]
[WhiteElo "1648"]
[BlackElo "1603"]
[PlyCount "55"]
[WhiteFideId "24666270"]
[EventCountry "GER"]
[EventRounds "9"]
[EventType "swiss"]
[EventDate "2005.05.15"]

1. e4 c5 2. Nf3 d6 3. d4 cxd4 4. Nxd4 e6 5. f4 Nf6 6. Nc3 a6 7. a4 Nbd7 8. Nf3
Qa5 9. Bd2 Qb4 10. Bd3 Qxb2 11. O-O Qb6+ 12. Kh1 Be7 13. h3 O-O 14. g4 e5 15.
Rg1 Qd8 16. f5 Nc5 17. g5 Nxd3 18. cxd3 Nd7 19. f6 Nxf6 20. gxf6 Bxf6 21. Qf1
Be6 22. Qg2 g6 23. Bg5 Rc8 24. Rac1 Rc6 25. h4 Bxg5 26. Qxg5 Qxg5 27. Nxg5 Bb3
28. Nd5 1/2-1/2

[Event "DEM U16w 2005"]
[Site "Willingen GER"]
[Date "2005.05.18"]
[Round "6"]
[White "Erben, Larissa"]
[Black "Nekrassova, Ekatherina"]
[Result "1-0"]
[Termination "normal"]
[Board "11"]
[WhiteElo "1758"]
[BlackElo "1538"]
[PlyCount "65"]
[WhiteFideId "24634590"]
[EventCountry "GER"]
[EventRounds "9"]
[EventType "swiss"]
[EventDate "2005.05.15"]

1. e4 d5 2. exd5 Qxd5 3. Nc3 Qd8 4. h3 g6 5. d4 Bg7 6. Nf3 Nh6 7. Bf4 c6 8. Qd2
Nf5 9. O-O-O O-O 10. g4 Nd6 11. Bh6 b5 12. Bxg7 Kxg7 13. Ne5 Qa5 14. Kb1 b4 15.
Ne2 Be6 16. Nc1 Qb6 17. f4 a5 18. f5 Bd5 19. Bg2 a4 20. h4 b3 21. Bxd5 cxd5 22.
cxb3 axb3 23. a3 Ne4 24. Qe3 Rc8 25. fxg6 fxg6 26. h5 Qc7 27. Qxb3 Nf2 28. h6+
Kh8 29. Qxd5 Qc2+ 30. Ka2 Nxd1 31. Nf7+ Kg8 32. Ng5+ Kh8 33. Qe5+ 1-0

[Event "DEM U16w 2005"]
[Site "Willingen GER"]
[Date "2005.05.18"]
[Round "6"]
[White "Benzen, Marthe"]
[Black "Popovic, Nathalie"]
[Result "1/2-1/2"]
[Termination "normal"]
[Board "12"]
[WhiteElo "1547"]
[BlackElo "1591"]
[PlyCount "78"]
[WhiteFideId "24647764"]
[BlackFideId "24630292"]
[EventCountry "GER"]
[EventRounds "9"]
[EventType "swiss"]
[EventDate "2005.05.15"]

1. e4 e6 2. d4 d5 3. Nd2 Nf6 4. e5 Nfd7 5. Bd3 c5 6. c3 b6 7. Ne2 Ba6 8. Bc2
Nc6 9. Nf3 Bxe2 10. Qxe2 Be7 11. Be3 c4 12. Nd2 b5 13. O-O b4 14. Qg4 Bf8 15.
f4 g6 16. Qf3 Qa5 17. Nxc4 Qb5 18. Nd2 Nb6 19. Bf2 Be7 20. Bd3 Nc4 21. Nxc4
dxc4 22. Be4 Rc8 23. cxb4 Nxb4 24. Rfd1 Nd5 25. Bxd5 Qxd5 26. Qxd5 exd5 27.
Rdc1 O-O 28. g4 Kh8 29. g5 Bb4 30. Be1 Rb8 31. Rc2 Kg7 32. Rb1 Rh8 33. Bxb4
Rxb4 34. Rc3 Ra4 35. a3 Rb8 36. Kf2 Rb3 37. Rxb3 cxb3 38. Rd1 Rc4 39. Rd2 Kf8
1/2-1/2

[Event "DEM U16w 2005"]
[Site "Willingen GER"]
[Date "2005.05.18"]
[Round "6"]
[White "Winter, Hannah"]
[Black "Ley, Janine"]
[Result "0-1"]
[Termination "normal"]
[Board "13"]
[WhiteElo "1386"]
[BlackElo "1466"]
[PlyCount "70"]
[BlackFideId "24671274"]
[EventCountry "GER"]
[EventRounds "9"]
[EventType "swiss"]
[EventDate "2005.05.15"]

1. e4 d6 2. d4 Nf6 3. Nc3 g6 4. Bg5 Bg7 5. e5 dxe5 6. dxe5 Qxd1+ 7. Rxd1 Ng4 8.
Nd5 Bxe5 9. Nf3 Bd6 10. Bxe7 c6 11. Bxd6 cxd5 12. Bb5+ Bd7 13. Rxd5 Nc6 14. a3
h6 15. O-O Kd8 16. Re1 a6 17. Be7+ Kc7 18. Bxc6 Bxc6 19. Rd4 h5 20. h3 Nh6 21.
Bf6 Rhe8 22. Re7+ Rxe7 23. Bxe7 Nf5 24. Rf4 Nxe7 25. Rxf7 Re8 26. Ne5 Be4 27.
c3 b5 28. Rf6 Ng8 29. Rf7+ Re7 30. Rxe7+ Nxe7 31. Nf3 Bxf3 32. gxf3 Nd5 33. Kh2
h4 34. Kg1 Kd6 35. Kh2 Kc5 0-1

[Event "DEM U16w 2005"]
[Site "Willingen GER"]
[Date "2005.05.19"]
[Round "7"]
[White "Tovmasian, Nelli"]
[Black "Ohme, Melanie"]
[Result "1/2-1/2"]
[Termination "normal"]
[Board "1"]
[WhiteElo "1832"]
[BlackElo "2041"]
[PlyCount "43"]
[WhiteFideId "24611735"]
[BlackFideId "4690745"]
[EventCountry "GER"]
[EventRounds "9"]
[EventType "swiss"]
[EventDate "2005.05.15"]

1. d4 Nf6 2. c4 g6 3. Nc3 Bg7 4. g3 O-O 5. Bg2 d6 6. Nf3 Nbd7 7. O-O c5 8. e3
Rb8 9. Rb1 b6 10. b4 cxb4 11. Rxb4 a5 12. Rb1 Ba6 13. Nb5 d5 14. Qb3 Ne4 15.
Nd2 dxc4 16. Nxc4 Ndf6 17. Qd3 Rc8 18. a4 Nc5 19. Qe2 Ne6 20. Ba3 Ng4 21. Rfc1
Re8 22. Qd1 1/2-1/2

[Event "DEM U16w 2005"]
[Site "Willingen GER"]
[Date "2005.05.19"]
[Round "7"]
[White "Mader, Manuela"]
[Black "Mucha, Annegret"]
[Result "1-0"]
[Termination "normal"]
[Board "2"]
[BlackTitle "CM"]
[WhiteElo "2002"]
[BlackElo "1884"]
[PlyCount "49"]
[WhiteFideId "24612928"]
[BlackFideId "24622788"]
[EventCountry "GER"]
[EventRounds "9"]
[EventType "swiss"]
[EventDate "2005.05.15"]

1. e4 c5 2. c3 Nc6 3. d4 d5 4. exd5 Qxd5 5. Nf3 Nf6 6. dxc5 Qxd1+ 7. Kxd1 e5 8.
b4 a5 9. b5 e4 10. Nd4 Ne5 11. c6 bxc6 12. bxc6 Bg4+ 13. Kc2 Kd8 14. Na3 Nd5
15. Rb1 f6 16. Nc4 Nf7 17. Nb5 Bc5 18. Ne3 Nxe3+ 19. Bxe3 Bxe3 20. fxe3 Ne5 21.
h3 Be6 22. c7+ Kc8 23. a4 Nc4 24. Bxc4 Bxc4 25. Nd6+ 1-0

[Event "DEM U16w 2005"]
[Site "Willingen GER"]
[Date "2005.05.19"]
[Round "7"]
[White "Nuber, Helene"]
[Black "Völschow, Toni"]
[Result "1/2-1/2"]
[Termination "normal"]
[Board "3"]
[WhiteElo "2045"]
[BlackElo "1925"]
[PlyCount "48"]
[WhiteFideId "24613045"]
[BlackFideId "24622591"]
[EventCountry "GER"]
[EventRounds "9"]
[EventType "swiss"]
[EventDate "2005.05.15"]

1. e4 c5 2. d3 d6 3. g3 g6 4. Bg2 Bg7 5. f4 e6 6. Nf3 Ne7 7. O-O Nbc6 8. Nc3
O-O 9. Be3 b6 10. Rb1 d5 11. Bf2 Bb7 12. Nh4 dxe4 13. dxe4 Ba6 14. Re1 Qc7 15.
f5 Rad8 16. Qg4 Ne5 17. Qh3 g5 18. g4 gxh4 19. Bxh4 exf5 20. exf5 f6 21. Ne4
Nd5 22. Qg3 h6 23. Rbd1 Bb7 24. h3 Rfe8 1/2-1/2

[Event "DEM U16w 2005"]
[Site "Willingen GER"]
[Date "2005.05.19"]
[Round "7"]
[White "Fuchs, Judith"]
[Black "Zemella, Jennifer"]
[Result "0-1"]
[Termination "normal"]
[Board "4"]
[WhiteElo "1952"]
[BlackElo "1757"]
[PlyCount "84"]
[WhiteFideId "24605611"]
[BlackFideId "24636096"]
[EventCountry "GER"]
[EventRounds "9"]
[EventType "swiss"]
[EventDate "2005.05.15"]

1. e4 e5 2. Nf3 d6 3. d4 exd4 4. Nxd4 Nf6 5. Nc3 Be7 6. Be2 O-O 7. O-O Re8 8.
f4 Bf8 9. Bf3 c5 10. Nde2 Nc6 11. Kh1 a6 12. h3 Bd7 13. g4 b5 14. Ng3 Nd4 15.
Be3 Nxf3 16. Qxf3 b4 17. Nd5 Bc6 18. Rad1 Nxd5 19. exd5 Bb7 20. Kh2 Qf6 21. Bc1
c4 22. g5 Qd8 23. f5 f6 24. Nh5 Be7 25. h4 Kh8 26. Qf4 Rc8 27. g6 Bf8 28. gxh7
Re2+ 29. Rf2 Qe7 30. Ng3 Rxf2+ 31. Qxf2 Kxh7 32. Bf4 Rc5 33. Re1 Qd7 34. Be3
Rxd5 35. Qe2 c3 36. b3 Re5 37. Qg4 Qe8 38. Qf4 Qc6 39. Qf2 Qf3 40. Kg1 Qxf2+
41. Kxf2 Bc8 42. Rd1 Bxf5 0-1

[Event "DEM U16w 2005"]
[Site "Willingen GER"]
[Date "2005.05.19"]
[Round "7"]
[White "Albano Jeremias, Bianca"]
[Black "Zikeli, Saskia"]
[Result "1/2-1/2"]
[Termination "normal"]
[Board "5"]
[WhiteElo "1854"]
[BlackElo "1935"]
[PlyCount "78"]
[WhiteFideId "24634247"]
[BlackFideId "24601543"]
[EventCountry "GER"]
[EventRounds "9"]
[EventType "swiss"]
[EventDate "2005.05.15"]

1. e4 c5 2. Nf3 d6 3. d4 cxd4 4. Nxd4 Nf6 5. Nc3 a6 6. Be2 e6 7. Be3 Be7 8. f4
Qc7 9. a4 O-O 10. O-O Nc6 11. Kh1 Re8 12. Bg1 Rb8 13. Qd3 Nxd4 14. Bxd4 e5 15.
Bg1 exf4 16. Rxf4 Be6 17. Raf1 Rbc8 18. Qg3 Nd7 19. Bg4 Rf8 20. Bxe6 fxe6 21.
Qg4 Qc4 22. Nd5 exd5 23. Qe6+ Kh8 24. Qxd7 Rxf4 25. Rxf4 Qc7 26. Qxc7 Rxc7 27.
exd5 Rxc2 28. Rf7 Re2 29. Rf2 Rxf2 30. Bxf2 Kg8 31. Bg3 Kf7 32. Kg1 Kf6 33. Kf2
Kf5 34. Kf3 g5 35. h3 h5 36. Ke3 Bf8 37. b3 h4 38. Bh2 Be7 39. Kd3 Bf8 1/2-1/2

[Event "DEM U16w 2005"]
[Site "Willingen GER"]
[Date "2005.05.19"]
[Round "7"]
[White "Vollak, Marleen"]
[Black "Jehle, Anja"]
[Result "1/2-1/2"]
[Termination "normal"]
[Board "6"]
[WhiteElo "1701"]
[BlackElo "1721"]
[PlyCount "60"]
[WhiteFideId "24624233"]
[BlackFideId "24631434"]
[EventCountry "GER"]
[EventRounds "9"]
[EventType "swiss"]
[EventDate "2005.05.15"]

1. e4 c5 2. Nf3 d6 3. d4 cxd4 4. Nxd4 Nf6 5. Nc3 e6 6. Be2 a6 7. O-O Qc7 8. a4
b6 9. f4 Bb7 10. Bf3 Be7 11. Be3 Nbd7 12. Qe2 O-O 13. Kh1 Rac8 14. Rad1 Rfd8
15. Nb3 Nc5 16. Bg1 Qb8 17. Rfe1 e5 18. f5 Qc7 19. Rd2 Qc6 20. Nxc5 dxc5 21.
Red1 Rxd2 22. Rxd2 Rd8 23. Rxd8+ Bxd8 24. Qd3 Qd7 25. Qxd7 Nxd7 26. b3 Kf8 27.
Bf2 Ke7 28. g4 f6 29. Kg2 Kd6 30. Kf1 Nb8 1/2-1/2

[Event "DEM U16w 2005"]
[Site "Willingen GER"]
[Date "2005.05.19"]
[Round "7"]
[White "Laake, Jasmin"]
[Black "Opaska, Ines"]
[Result "1-0"]
[Termination "normal"]
[Board "7"]
[WhiteElo "1941"]
[BlackElo "1575"]
[PlyCount "119"]
[WhiteFideId "4699939"]
[EventCountry "GER"]
[EventRounds "9"]
[EventType "swiss"]
[EventDate "2005.05.15"]

1. e4 d5 2. exd5 Qxd5 3. Nc3 Qa5 4. Bc4 Nf6 5. d3 c6 6. Bd2 Qc7 7. Qe2 g6 8. h3
Bg7 9. Bb3 O-O 10. Nf3 b6 11. O-O-O Bb7 12. Ne5 Nd5 13. f4 e6 14. Kb1 Nd7 15.
Rde1 a6 16. Rhf1 b5 17. g4 a5 18. Bxd5 exd5 19. Nxd7 Qxd7 20. Qe7 Qxe7 21. Rxe7
Rab8 22. Rfe1 Bf6 23. R7e2 Bc8 24. Nd1 b4 25. Be3 d4 26. Bf2 a4 27. Bg3 b3 28.
cxb3 axb3 29. a3 Bd7 30. Nf2 Rbc8 31. Ne4 Be7 32. Nd2 Bd6 33. Nxb3 c5 34. Nd2
Bb5 35. Nc4 Bxc4 36. dxc4 g5 37. Bh2 gxf4 38. Rf2 f5 39. g5 Kg7 40. Bxf4 Bxf4
41. Rxf4 Kg6 42. h4 Rce8 43. Rxe8 Rxe8 44. b4 Rb8 45. b5 Ra8 46. Kb2 Ra7 47.
Rf3 Ra8 48. Kb3 Ra7 49. a4 Ra8 50. b6 Rb8 51. a5 Rb7 52. Ka4 Rd7 53. Rd3 f4 54.
Kb5 f3 55. Rxf3 d3 56. Rf1 d2 57. Rd1 Kf5 58. a6 Ke4 59. b7 Rd3 60. a7 1-0

[Event "DEM U16w 2005"]
[Site "Willingen GER"]
[Date "2005.05.19"]
[Round "7"]
[White "Muratow, Katerina"]
[Black "Hofmann, Christine"]
[Result "1/2-1/2"]
[Termination "normal"]
[Board "8"]
[WhiteElo "1464"]
[BlackElo "1620"]
[PlyCount "55"]
[EventCountry "GER"]
[EventRounds "9"]
[EventType "swiss"]
[EventDate "2005.05.15"]

1. e4 e6 2. Nf3 d5 3. Nc3 dxe4 4. Nxe4 c5 5. d4 cxd4 6. Qxd4 Qxd4 7. Nxd4 a6 8.
Bf4 Bd7 9. Bd3 Nc6 10. Nxc6 Bxc6 11. O-O Rd8 12. Rad1 Be7 13. Be5 f6 14. Bc7
Rc8 15. Bb6 f5 16. Ng3 Bf6 17. Rfe1 Kf7 18. Bc4 Bd5 19. Nxf5 Rxc4 20. Nd6+ Kg6
21. Nxc4 Bxc4 22. Bd4 Bd5 23. b3 b5 24. Bxf6 Nxf6 25. Rd4 Rc8 26. Re2 Rc6 27.
f3 Nd7 28. a4 1/2-1/2

[Event "DEM U16w 2005"]
[Site "Willingen GER"]
[Date "2005.05.19"]
[Round "7"]
[White "Erben, Larissa"]
[Black "Dittrich, Jacqueline"]
[Result "1-0"]
[Termination "normal"]
[Board "9"]
[WhiteElo "1758"]
[BlackElo "1648"]
[PlyCount "47"]
[WhiteFideId "24634590"]
[BlackFideId "24666270"]
[EventCountry "GER"]
[EventRounds "9"]
[EventType "swiss"]
[EventDate "2005.05.15"]

1. e4 e6 2. d4 d5 3. Nc3 Bb4 4. exd5 Bxc3+ 5. bxc3 exd5 6. Bd3 Nf6 7. Ne2 O-O
8. O-O Nc6 9. c4 Be6 10. cxd5 Qxd5 11. c4 Qd8 12. d5 Bxd5 13. cxd5 Qxd5 14. Bb2
Rfd8 15. Nf4 Qg5 16. Nh3 Qd5 17. Bxf6 gxf6 18. Qg4+ Kh8 19. Be4 Qd4 20. Qf5 Kg8
21. Qxh7+ Kf8 22. Qh6+ Ke8 23. Bxc6+ bxc6 24. Rfe1+ 1-0